| 000 | 01178nam a22002777a 4500 | ||
|---|---|---|---|
| 001 | 7551 | ||
| 003 | FISKH | ||
| 005 | 20250724085258.0 | ||
| 008 | 250724b cb ||||| |||| 00| 0 eng d | ||
| 020 | _a9781407159294 | ||
| 040 |
_aFISKH _beng _cFISKH _dFISKH |
||
| 050 | _aPZ7 S | ||
| 082 | _a823.92 | ||
| 100 | _aStrathie, Chae | ||
| 245 |
_aDear Dinosaur / _cChae Strathie ; Nicola O'Byrne |
||
| 260 |
_aNew York : _bScholastic, _c2017. |
||
| 300 |
_a26 unnumbered pages : _bcolor illustrations ; _c28 cm |
||
| 505 | _aK | ||
| 520 | _aAfter a trip to the museum, Max writes a letter to his favourite dinosaur, the mighty T. Rex - and the T. Rex writes back! As Max and T. Rex learn about each other's lives, a very unusual friendship develops in this funny and touching story from an award-winning duo. Dinosaur fans will love this interactive picture book with letters and cards to open, and dinosaur facts to discover along the way. | ||
| 521 | 8 |
_a510
_bLexile estimate |
|
| 521 | 8 |
_aK
_bRaz-Plus |
|
| 650 |
_aDinosaurs _vChildren's Fiction _xPicture Book _yFriendship |
||
| 700 |
_aO'Byrne, Nicola _eIllustrator |
||
| 942 |
_2ddc _cBK _n0 |
||
| 999 |
_c7551 _d7551 |
||